Регионална библиотека "Любен Каравелов" - Русе

Животните и техните истории (Запис номер 424263)

MARC детайли
000 -Лидер
Контролно поле с фиксирана дължина 01143nam a2200313 a 4500
003 - Код на организацията, давaща контролен номер
Контролно поле BLK
005 - Дата и час на последна редакция
Контролно поле 20250710110612.0
008 - Елементи от данни с фиксирана дължина
fixed length control field 210719b bul|||||r ||||||| ||bul||
020 ## - Международен стандартен номер на книга ISBN
Международен стандартен номер на книга ISBN 9788327424785
040 ## - Източник на каталожния запис
Идентификатор на билиотеката - собственик на записа BLK
041 ## - Код за език
Код за езика на текст/звукозапис или на отделно заглавие Български
Код за езика КДБФ Български
080 ## - УДК
Текстов определител УДК Основи на четенето. Методи на обучение в четенето
УДК код - определител по УДК 373.3.016:028.1
УДК - код + определител 373.3.016:028.1
080 ## - УДК
Текстов определител УДК Българска литература
УДК код - определител по УДК 821.163.2
УДК определител -93-34
УДК - код + определител 821.163.2-93-34
139 ## - Редно поле
Редна дума Животните и техните истории
Авторски знак Живо - Ж 49
245 10 - Сведения за заглавието
Заглавие Животните и техните истории
Подзаглавни данни Кн. 1-2
Заглавие на том Кн. 2
257 ## - Страна на издаване
Страна на създаване/издаване България
260 ## - Област на издателските данни
Място на издаване, разпространение и проч. София
Име на издателя, разпространителя и проч. Ина
Година на издаване 2021
9 (RLIN) 216067
Издателство - префикс ISBN 978-954-9328-
300 ## - Физическа характеристика
Размери/Мащаб 24 см
380 ## - Жанр
Жанр Детска отраслова лит.
490 ## - СЕРИИ (Колекции)
9 (RLIN) 460085
Име на серия Четене на срички
760 ## - Описание на основната серия
Редна дума на основното описание Животните и техните истории
Място на издаване, издател и година София, 2021
Страници - том 48 с. : с цв. ил.
Част - том Кн. 2
856 4# - Електронен адрес и достъп
Електронен формат pdf - файл
856 4# - Електронен адрес и достъп
Електронен формат pdf - файл
999 ## - СИСТЕМНИ КОНТРОЛНИ НОМЕРА
Koha biblionumber 424263
Koha biblioitemnumber 424263
942 ## - АРТИКУЛИ
Вид на библиотечния материал Книги
Скрит в OPAC Не
Koha issues (borrowed), all copies 62
Периодичен библиозапис Да
944 ## - СЪЗДАВАНЕ И РЕДАКЦИЯ на ЗАПИСА
Служител, извършил регистрацията/редакцията 30551
Създаване/Редакция Създаване
Дата на регистрацията/редакция 2021-07-19
Статус, дата на статуса Бояна Костадинова
999 ## - СИСТЕМНИ КОНТРОЛНИ НОМЕРА
Koha biblioitemnumber 424186
999 ## - СИСТЕМНИ КОНТРОЛНИ НОМЕРА
Koha biblioitemnumber 424186
999 ## - СИСТЕМНИ КОНТРОЛНИ НОМЕРА
Koha biblioitemnumber 424186
Наличности
Код за отписване Код за изгубен артикул Източник на класификационната схема Код за повреда Коз за рестрикции Код за отдаване Артикулен № Име на библиотеката - собственик Име на библиотеката, в която се намира в момента Статус (Текущо местоположение) Дата на вписване в системата Местоположение - отдел Цена в лева Систематично азбучна сигнатура Баркод Цена в евро Служебен тип на артикула Инвентарен номер
  Не е изгубен Universal Decimal Classification Не е повреден без рестрикции заемане за дома 843783 Регионална библиотека "Любен Каравелов" Русе Регионална библиотека "Любен Каравелов" Русе Детски отдел 2021-07-19 Детски отдел 4.50 373.3.016:028/Ж 49 120000857895 2.30 Книги  
  Не е изгубен Universal Decimal Classification Не е повреден без рестрикции заемане за дома 843784 Регионална библиотека "Любен Каравелов" Русе Регионална библиотека "Любен Каравелов" Русе Детски отдел 2021-07-19 Детски отдел 4.50 373.3.016:028/Ж 49 120000857894 2.30 Книги  
  Не е изгубен Universal Decimal Classification Не е повреден   заемане за дома 947603 Регионална библиотека "Любен Каравелов" Русе Регионална библиотека "Любен Каравелов" Русе Детски отдел 2024-08-27 Детски отдел 3.99 ДН 373.3.016:028/Ж 49 120000911338 2.04 Книги 120000911338
  Не е изгубен Universal Decimal Classification Не е повреден   заемане за дома 947604 Регионална библиотека "Любен Каравелов" Русе Регионална библиотека "Любен Каравелов" Русе Детски отдел 2024-08-27 Детски отдел 3.99 ДН 373.3.016:028/Ж 49 120000911337 2.04 Книги 120000911337
  Не е изгубен Universal Decimal Classification Не е повреден   заемане за дома 947605 Регионална библиотека "Любен Каравелов" Русе Регионална библиотека "Любен Каравелов" Русе Детски отдел 2024-08-27 Детски отдел 3.99 ДН 373.3.016:028/Ж 49 120000911339 2.04 Книги 120000911339
Vip Innovations Ltd, Rousse, Bulgaria 2025